PASS CCRN (Record no. 753)

000 -LEADER
fixed length control field 00586nam a22002177a 4500
003 - CONTROL NUMBER IDENTIFIER
control field OSt
005 - DATE AND TIME OF LATEST TRANSACTION
control field 20210422051310.0
008 - FIXED-LENGTH DATA ELEMENTS--GENERAL INFORMATION
fixed length control field 201221s2007 ||||| |||| 00| 0 eng d
020 ## - INTERNATIONAL STANDARD BOOK NUMBER
International Standard Book Number 9780323025928
040 ## - CATALOGING SOURCE
Original cataloging agency eng
Language of cataloging eng
Transcribing agency DLC
Modifying agency eng
041 ## - LANGUAGE CODE
Language code of text/sound track or separate title eng
080 ## - UNIVERSAL DECIMAL CLASSIFICATION NUMBER
Universal Decimal Classification number 616-08
Item number D-41
100 ## - MAIN ENTRY--PERSONAL NAME
9 (RLIN) 576
Personal name Dennison, Donohoe Robin
245 ## - TITLE STATEMENT
Title PASS CCRN
Statement of responsibility, etc. / by: Mosby, Elsevier
250 ## - EDITION STATEMENT
Edition statement 3rd edition
260 ## - PUBLICATION, DISTRIBUTION, ETC.
Place of publication, distribution, etc. St. Lousi
Name of publisher, distributor, etc. Mosby, Elsevier
Date of publication, distribution, etc. 2007
300 ## - PHYSICAL DESCRIPTION
Extent 914 p.
Other physical details ill.
650 #0 - SUBJECT ADDED ENTRY--TOPICAL TERM
9 (RLIN) 285
Topical term or geographic name entry element Patient Care
653 ## - INDEX TERM--UNCONTROLLED
Uncontrolled term პაციენტის მოვლა
942 ## - ADDED ENTRY ELEMENTS (KOHA)
Source of classification or shelving scheme
Koha item type Books
Edition 3
Holdings
Withdrawn status Lost status Source of classification or shelving scheme Damaged status Not for loan Permanent location Current location Date acquired Inventory number Total Checkouts Full call number Barcode Date last seen Price effective from Koha item type
          Ken Walker International University Ken Walker International University 12/21/2020 2161   616-08 D-41 2161 01/10/2023 12/21/2020 Books

Powered by Koha